000 00498nam a2200181Ia 4500
005 20250508150449.0
008 008 250505s9999 xx 000 0 eng d
037 _aTextual
040 _aFEDL
_beng
_cFEDL
041 _aeng
_2eng
084 _a635.96, CON
_qFEDL
100 _aConway J Gregory
_9756755
245 0 _aFlowers: East-west
260 _aLondon, UK
_bRoutledge and Kegan Paul
_c1948
300 _ax,336p.
942 _cTEXL
_h635.96, CON
999 _c1323779
_d1323779